000 00328nam a2200145Ia 4500
100 _aLester/R.H/ Enrick/N.L
942 _cRB
654 _aQuality Control
245 _aQuality Control for Profit
260 _bMarcel Dekker
_aNew York
_c1985
082 _a658.5
_bLes/Enr
300 _a475
546 _aENGLISH
999 _c19074
_d19074